000
00238nam a2200097Ia 4500
008
170619s9999 xx 000 0 und d
100
_a
Ferry- David K.
245
0
_a
Transport in Nanostructures
260
_b
Cambridge University
260
_c
2011
546
_a
ENGLISH
999
_c
20198
_d
20198